LEADER 01101nam0 22003013i 450 001 PUV0993829 005 20231121125620.0 010 $a0521801087 100 $a20160329d2004 ||||0itac50 ba 101 | $aeng 102 $agb 181 1$6z01$ai $bxxxe 182 1$6z01$an 200 1 $a˜The œDerveni papyrus$ecosmology, theology and interpretation$fGábor Betegh 210 $aCambridge$cCambridge university press$d2004 215 $aXII, 441 p.$d24 cm. 606 $aPapiri greci$2FIR$3RMLC117050$9I 606 $aPapyrus Derveni$2FIR$3RMLC379496$9I 676 $a292.213$9Mitologia. Persone.$v21 700 1$aBetegh$b, Gabor$3PUVV349890$4070$0426738 801 3$aIT$bIT-01$c20160329 850 $aIT-FR0017 899 $aBiblioteca umanistica Giorgio Aprea$bFR0017 912 $aPUV0993829 950 0$aBiblioteca umanistica Giorgio Aprea$d 52CIS S.Sij.E1/P.Derveni.2$e 52VM 0000589955 VM barcode:00053348. - Inventario:28765 FLSVM$fB $h20060103$i20121204 977 $a 52 996 $aDerveni papyrus$9728707 997 $aUNICAS